[Event "Biel op-B 56th"]
[Site "Biel"]
[Date "2023.07.17"]
[Round "1"]
[White "Weyer, Hans Juergen"]
[Black "Hies, Norbert"]
[Result "1-0"]
[WhiteElo "1841"]
[BlackElo "1529"]
[PlyCount "95"]
[EventDate "2023.07.17"]
[EventType "swiss"]
[EventRounds "9"]
[EventCountry "SUI"]
[SourceTitle "EXT 2024"]
[Source "ChessBase"]
[SourceDate "2023.10.10"]
[SourceVersion "1"]
[SourceVersionDate "2023.10.10"]
[SourceQuality "1"]

1. e4 e5 2. Nf3 Nc6 3. Bb5 Nf6 4. d3 Be7 5. Bxc6 dxc6 6. Nxe5 Be6 7. 0-0 0-0 8. Nd2 Nd7 9. Ng4 Nf6 10. Ne3 Qd7 11. Re1 Bc5 12. Ndf1 Rad8 13. Kh1 Rfe8 14. f3 Nh5 15. g4 Nf4 16. Nf5 Bxf5 17. Bxf4 Bg6 18. Be3 Qe7 19. Qe2 Bb4 20. c3 Ba5 21. Rad1 c5 22. Qf2 Bb6 23. Ng3 f6 24. b3 Rd7 25. h4 Red8 26. h5 Bf7 27. Nf5 Qe8 28. Qc2 c6 29. Bg1 Qe5 30. Bh2 Qe6 31. e5 Bc7 32. exf6 Qxf6 33. Bxc7 Rxc7 34. d4 Bd5 35. Qf2 cxd4 36. Rxd4 Rcd7 37. Kg2 Kf7 38. Qe3 c5 39. Rf4 Kg8 40. Ne7+ Rxe7 41. Qxe7 Qxe7 42. Rxe7 Bc6 43. Rff7 Rd3 44. Rxg7+ Kh8 45. Rxh7+ Kg8 46. Rhf7 Re3 47. Rxe3 Kxf7 48. Kg3 1-0

[Event "Biel ATO op 52nd"]
[Site "Biel"]
[Date "2019.07.30"]
[Round "8"]
[White "Weyer, Hans Juergen"]
[Black "Lips, Adrian"]
[Result "0-1"]
[WhiteElo "1879"]
[BlackElo "1817"]
[PlyCount "88"]
[EventDate "2019.07.20"]
[EventType "swiss"]
[EventRounds "9"]
[EventCountry "SUI"]
[SourceTitle "EXT 2020"]
[Source "ChessBase"]
[SourceDate "2019.10.17"]
[SourceVersion "1"]
[SourceVersionDate "2019.10.17"]
[SourceQuality "1"]

1. e4 c5 2. Nf3 d6 3. d4 cxd4 4. Nxd4 Nf6 5. Nc3 a6 6. Be2 e5 7. Nb3 Be7 8. 0-0 0-0 9. Be3 Be6 10. a4 Nbd7 11. f3 Nb6 12. Re1 d5 13. exd5 Nbxd5 14. Nxd5 Nxd5 15. Bf2 Qc7 16. Nc1 Rfd8 17. Nd3 Nb4 18. a5 Qxc2 19. Rc1 Qxd1 20. Rexd1 Bb3 21. Nxe5 Bxd1 22. Bxd1 Bf6 23. Nc4 Nd3 24. Rb1 Nxb2 25. Nxb2 Bxb2 26. Be2 Rd2 27. Kf1 Re8 28. Bc4 Rc2 29. Be1 Rxc4 30. Rxb2 Rc1 31. Re2 Rxe2 32. Kxe2 Rxe1+ 33. Kxe1 Kf8 34. Kd2 Ke7 35. Kc3 Kd6 36. Kc4 Kc6 37. f4 b5+ 38. axb6 Kxb6 39. Kb4 a5+ 40. Ka4 f5 41. h3 h5 42. g3 g6 43. h4 Ka6 44. Kb3 Kb5 0-1

[Event "Reykjavik op"]
[Site "Reykjavik"]
[Date "2016.03.12"]
[Round "6"]
[White "Erikstad, Olav Age"]
[Black "Weyer, Hans Juergen"]
[Result "1-0"]
[WhiteElo "1838"]
[BlackElo "1967"]
[PlyCount "69"]
[EventDate "2016.03.08"]
[EventType "swiss"]
[EventRounds "10"]
[EventCountry "ISL"]
[SourceTitle "CBM 171 Extra"]
[Source "ChessBase"]
[SourceDate "2016.04.26"]
[SourceVersion "1"]
[SourceVersionDate "2016.04.26"]
[SourceQuality "1"]

1. e4 e6 2. d4 d5 3. e5 c5 4. c3 Nc6 5. Nf3 Qb6 6. Bd3 Bd7 7. 0-0 cxd4 8. cxd4 Nxd4 9. Nxd4 Qxd4 10. Nc3 a6 11. Qf3 Ne7 12. Rd1 Qxe5 13. Be3 Qc7 14. Rac1 Nc6 15. Bf4 Qd8 16. Qg3 h6 17. Re1 g5 18. Be3 Be7 19. Na4 d4 20. Bd2 Nb4 21. Nc5 Nxd3 22. Nxd3 a5 23. Nc5 Bc6 24. Ne4 Bxe4 25. Rxe4 Qd5 26. Qd3 Bc5 27. Qb5+ Kd8 28. Bxa5+ Rxa5 29. Qxa5+ b6 30. Qe1 Qxa2 31. Qd2 Ke7 32. h4 Qd5 33. Rce1 Rg8 34. b4 f5 35. Rxe6+ 1-0

[Event "Reykjavik op"]
[Site "Reykjavik"]
[Date "2016.03.08"]
[Round "1"]
[White "Andersen, Mads"]
[Black "Weyer, Hans Juergen"]
[Result "1-0"]
[WhiteElo "2479"]
[BlackElo "1967"]
[PlyCount "73"]
[EventDate "2016.03.08"]
[EventType "swiss"]
[EventRounds "10"]
[EventCountry "ISL"]
[SourceTitle "CBM 171 Extra"]
[Source "ChessBase"]
[SourceDate "2016.04.26"]
[SourceVersion "1"]
[SourceVersionDate "2016.04.26"]
[SourceQuality "1"]

1. d4 d5 2. c4 e6 3. Nf3 Nf6 4. g3 Be7 5. Bg2 0-0 6. 0-0 c6 7. Qc2 Nbd7 8. Nbd2 b6 9. e4 dxe4 10. Nxe4 Bb7 11. Rd1 h6 12. Bf4 Nxe4 13. Qxe4 Re8 14. a3 a5 15. Rac1 Ra7 16. c5 Nf6 17. Qc2 Nd5 18. Bd2 b5 19. Re1 Bf6 20. Qe4 Ba8 21. Bf1 Be7 22. Rcd1 Bf8 23. h4 Nf6 24. Qc2 Rd7 25. Bf4 Nd5 26. Bc1 Nf6 27. Bg2 Ra7 28. Ne5 Nd5 29. Qe2 Rae7 30. Be4 Ra7 31. h5 Kh8 32. Bc2 Kg8 33. Qf3 Qc8 34. Qd3 Nf6 35. Ng4 Be7 36. Bf4 Qd8 37. Nxf6+ 1-0

[Event "Mittelrhein Verbandsliga-W 15/16"]
[Site "Nordrheinwestfalen"]
[Date "2016.02.21"]
[Round "8.6"]
[White "Gruenich, Andreas"]
[Black "Weyer, Hans Juergen"]
[Result "1/2-1/2"]
[WhiteElo "1861"]
[BlackElo "1938"]
[PlyCount "35"]
[EventDate "2015.09.06"]
[EventType "team-tourn"]
[EventRounds "11"]
[EventCountry "GER"]
[SourceTitle "EXT 2022"]
[Source "ChessBase"]
[SourceDate "2021.10.06"]
[SourceVersion "1"]
[SourceVersionDate "2021.10.06"]
[SourceQuality "1"]
[WhiteTeam "Lendersdorf"]
[BlackTeam "Herzogenrath"]
[WhiteTeamCountry "GER"]
[BlackTeamCountry "GER"]

1. e4 e6 2. Nf3 d5 3. exd5 exd5 4. d4 Nf6 5. Bd3 Be7 6. 0-0 0-0 7. h3 Re8 8. Be3 Nbd7 9. Nbd2 Nf8 10. Ne5 Bd6 11. Ndf3 N6d7 12. Nxd7 Bxd7 13. c3 c6 14. Rc1 h6 15. Nh2 Rc8 16. Qf3 Ne6 17. Bf5 Bxh2+ 18. Kxh2 1/2-1/2

[Event "Mittelrhein Verbandsliga-W 1112"]
[Site "Germany"]
[Date "2011.11.13"]
[Round "3.5"]
[White "Weyer, Hans Juergen"]
[Black "Thoennessen, Ludwig"]
[Result "1/2-1/2"]
[WhiteElo "1872"]
[BlackElo "1905"]
[PlyCount "83"]
[EventDate "2011.09.18"]
[EventType "team-tourn"]
[EventRounds "11"]
[EventCountry "GER"]
[SourceTitle "EXT 2013"]
[Source "ChessBase"]
[SourceDate "2012.11.22"]
[SourceVersion "1"]
[SourceVersionDate "2012.11.22"]
[SourceQuality "1"]
[WhiteTeam "Herzogenrath"]
[BlackTeam "Uebach Palenberg"]
[WhiteTeamCountry "GER"]
[BlackTeamCountry "GER"]

1. e4 c5 2. Nf3 Nc6 3. d4 cxd4 4. Nxd4 d6 5. Be2 g6 6. 0-0 Bg7 7. Be3 Nf6 8. Nc3 0-0 9. Nb3 a6 10. f4 Qc7 11. Bf3 b5 12. a3 Bb7 13. Qd2 e6 14. Rad1 Rfd8 15. Qf2 Nd7 16. Rd2 Rab8 17. Rfd1 Bf8 18. h4 Ba8 19. h5 Nb6 20. hxg6 fxg6 21. Bxb6 Qxb6 22. Qxb6 Rxb6 23. Nc5 dxc5 24. Rxd8 Nxd8 25. Rxd8 Bc6 26. Rc8 Kf7 27. Rc7+ Be7 28. Kf2 b4 29. axb4 cxb4 30. Ne2 a5 31. Nd4 Be8 32. b3 a4 33. bxa4 Bxa4 34. e5 Ke8 35. Ke2 Bd7 36. Be4 Kd8 37. Ra7 Bc5 38. Nb3 Be7 39. Ra8+ Bc8 40. Ra7 Ra6 41. Rxa6 Bxa6+ 42. Ke3 1/2-1/2

[Event "Bayern-chI Bank Hofmann 6th"]
[Site "Bad Wiessee"]
[Date "2002.11.02"]
[Round "8"]
[White "Weyer, Hans Juergen"]
[Black "Wehner, Roland"]
[Result "0-1"]
[WhiteElo "1932"]
[BlackElo "2164"]
[PlyCount "58"]
[EventDate "2002.10.26"]
[EventType "swiss"]
[EventRounds "9"]
[EventCountry "GER"]
[SourceTitle "EXT 2003"]
[Source "ChessBase"]
[SourceDate "2002.11.25"]
[SourceVersion "1"]
[SourceVersionDate "2002.11.25"]
[SourceQuality "1"]

1. e4 e6 2. d4 d5 3. Nc3 Nf6 4. Bg5 Be7 5. e5 Nfd7 6. Bxe7 Qxe7 7. f4 a6 8. Nf3 c5 9. dxc5 Nc6 10. Qd2 Nxc5 11. g3 0-0 12. 0-0-0 b5 13. Bg2 Bd7 14. Nd4 Nxd4 15. Qxd4 b4 16. Ne2 Rfc8 17. Kb1 a5 18. Qe3 Bb5 19. Nd4 Bc4 20. b3 Ba6 21. f5 a4 22. h4 axb3 23. cxb3 Qa7 24. Qd2 Bd3+ 25. Ka1 Ne4 26. Nb5 Nxd2 27. Nxa7 Rc2 28. Rxd2 Rxd2 29. Rc1 Rxg2 0-1

[Event "Curacao op"]
[Site "Willemstad"]
[Date "2001.07.30"]
[Round "5"]
[White "Alvarez Marquez, Johan"]
[Black "Weyer, Hans Juergen"]
[Result "1-0"]
[WhiteElo "2380"]
[BlackElo "1900"]
[PlyCount "81"]
[EventDate "2001.07.??"]
[EventType "swiss"]
[EventRounds "9"]
[EventCountry "AHO"]
[SourceTitle "EXT 2002"]
[Source "ChessBase"]
[SourceDate "2001.11.25"]
[SourceVersion "1"]
[SourceVersionDate "2001.11.25"]
[SourceQuality "1"]

1. Nf3 Nf6 2. c4 e6 3. Nc3 d5 4. d4 Be7 5. Bg5 0-0 6. e3 h6 7. Bh4 b6 8. Be2 Bb7 9. Bxf6 Bxf6 10. cxd5 exd5 11. b4 c6 12. 0-0 Qd6 13. Qb3 Re8 14. a4 Na6 15. b5 Nc7 16. bxc6 Bxc6 17. Rfc1 Ne6 18. Bb5 Red8 19. Bxc6 Qxc6 20. Ne4 Qd7 21. Nxf6+ gxf6 22. Qb5 Qe7 23. Rc6 Rac8 24. Rxc8 Rxc8 25. h3 Qd6 26. Nh4 Ng7 27. a5 bxa5 28. Qxa5 Rc7 29. g3 Qd7 30. Ng2 Ne6 31. h4 Qc6 32. Ne1 Kg7 33. Nd3 Rd7 34. Qd2 Rb7 35. Qe2 Qd7 36. Qg4+ Kh7 37. Ra5 Rb5 38. Ra2 Rb1+ 39. Kh2 Rb3 40. Nf4 Rb5 41. Qf5+ 1-0

[Event "Curacao op"]
[Site "Willemstad"]
[Date "2001.07.26"]
[Round "2"]
[White "Glienke, Martin"]
[Black "Weyer, Hans Juergen"]
[Result "0-1"]
[WhiteElo "1900"]
[BlackElo "1400"]
[PlyCount "68"]
[EventDate "2001.07.??"]
[EventType "swiss"]
[EventRounds "9"]
[EventCountry "AHO"]
[SourceTitle "EXT 2002"]
[Source "ChessBase"]
[SourceDate "2001.11.25"]
[SourceVersion "1"]
[SourceVersionDate "2001.11.25"]
[SourceQuality "1"]

1. e4 e6 2. Nc3 d5 3. d4 Bb4 4. Bd2 dxe4 5. Nxe4 Qxd4 6. Bd3 Bxd2+ 7. Qxd2 Nc6 8. c3 Qd5 9. Nf3 Ne5 10. Nxe5 Qxe5 11. Qe3 Ne7 12. 0-0 Bd7 13. Qg3 Qxg3 14. Nxg3 0-0 15. Be4 Bc6 16. f3 Rfd8 17. Rfd1 b6 18. b4 Bxe4 19. Nxe4 Kf8 20. Kf2 Nf5 21. Rac1 Ke7 22. g4 Nd6 23. Rd4 e5 24. Rd5 Nxe4+ 25. fxe4 Rxd5 26. exd5 Kd6 27. c4 a5 28. a3 axb4 29. axb4 Ra2+ 30. Ke3 Rb2 31. b5 Rxh2 32. Ke4 Rf2 33. Rh1 Rf4+ 34. Kd3 Rxg4 0-1